000 00461nam a22001817a 4500
003 MPLRDC
005 20220104114456.0
008 210129b ||||| |||| 00| 0 eng d
020 _a957-8667-23-X
082 _a856.9 LML c.2
100 _a林美玲编著
245 _a历代名人奇谋妙计
_c
260 _a
_b三丰出版社
_c1992
300 _b
490 _a历代古典名著. 2
650 _a函牍及杂著--杂项
942 _cBK
_o856.9 LML c.2
999 _c7762
_d7752